Bài tập lịch sử 12 : Nâng cao

Quyển sách gồm 2 phần: Lịch sử thế giới hiện đại từ năm 1945 đến năm 2000 và lịch sửc Việt Nam từ năm 1919 đến 2000. Quyển sách này giúp cho các em học sinh lớp 12 hiểu hơn về lịch sử thế giới và lịch sử Việt Nam thông qua các bài tập...

全面介紹

Đã lưu trong:
書目詳細資料
主要作者: Lê, Văn Anh
格式: 圖書
語言:Undetermined
出版: Hà Nội Giáo dục 2010
主題:
標簽: 添加標簽
沒有標簽, 成為第一個標記此記錄!
Thư viện lưu trữ: Trung tâm Học liệu Trường Đại học Cần Thơ
LEADER 01085nam a2200229Ia 4500
001 CTU_191605
008 210402s9999 xx 000 0 und d
020 |c 35000 
082 |a 907.12 
082 |b A107 
100 |a Lê, Văn Anh 
245 0 |a Bài tập lịch sử 12 : 
245 0 |b Nâng cao 
245 0 |c Lê Văn Anh (chủ biên), Bùi Thị Kim Huệ, Nguyễn Thành Nhân 
260 |a Hà Nội 
260 |b Giáo dục 
260 |c 2010 
520 |a Quyển sách gồm 2 phần: Lịch sử thế giới hiện đại từ năm 1945 đến năm 2000 và lịch sửc Việt Nam từ năm 1919 đến 2000. Quyển sách này giúp cho các em học sinh lớp 12 hiểu hơn về lịch sử thế giới và lịch sử Việt Nam thông qua các bài tập thực hành và những câu hỏi trả lời ngắn. 
650 |a History 
650 |x Study and teaching (Secondary) 
904 |i Bằng 
980 |a Trung tâm Học liệu Trường Đại học Cần Thơ